Statistics for Can you guess The 200 Greatest Rock albums of the 1970s?

Click here to take the quiz!

General Stats

  • This quiz has been taken 77 times
  • The average score is 40 of 198

Answer Stats

HintAnswer% Correct
Pink FloydThe Dark Side Of The Moon
87%
The ClashLondon Calling
82%
Bruce SpringsteenBorn To Run
79%
The EaglesHotel California
79%
Fleetwood MacRumours
76%
Pink FloydThe Wall
76%
Led ZeppelinLed Zeppelin IV
74%
Marvin GayeWhat's Going On
68%
Black SabbathParanoid
66%
Carole KingTapestry
63%
QueenA Night At The Opera
58%
Led ZeppelinLed Zeppelin III
58%
The Rolling StonesExile On Main Street
55%
Elton JohnGoodbye Yellow Brick Road
55%
John LennonImagine
55%
The WhoWho's Next
55%
The BeatlesLet It Be
53%
Black SabbathBlack Sabbath
50%
Stevie WonderSongs In The Key Of Life
50%
Simon and GarfunkelBridge Over Troubled Water
47%
Pink FloydWish You Were Here
47%
Michael JacksonOff the Wall
45%
RamonesRamones
45%
The Rolling StonesSticky Fingers
45%
The ClashThe Clash
45%
Paul McCartney & WingsBand On The Run
42%
Joni MitchellBlue
42%
Led ZeppelinHouses Of The Holy
42%
George HarrisonAll Things Must Pass
39%
Bob DylanBlood On The Tracks
39%
BostonBoston
39%
David BowieLow
39%
Led ZeppelinPhysical Graffiti
39%
Van HalenVan Halen
39%
Fleetwood MacFleetwood Mac
37%
David Bowie"Heroes"
37%
Patti SmithHorses
37%
The DoorsL.A. Woman
37%
Sex PistolsNever Mind The Bollocks, Here's The Sex Pistols
37%
Rolling StonesSome Girls
37%
Pink FloydAnimals
34%
Neil YoungHarvest
34%
AC/DCHighway To Hell
34%
The CarsThe Cars
34%
David BowieAladdin Sane
32%
Jethro TullAqualung
32%
Stevie WonderInnervisions
32%
Deep PurpleMachine Head
32%
David BowieThe Rise and Fall of Ziggy Stardust & The Spiders From Mars
32%
AerosmithToys In The Attic
32%
Steely DanAja
29%
Meat LoafBat Out Of Hell
29%
BlondieParallel Lines
29%
SupertrampBreakfast in America
26%
Bruce SpringsteenDarkness On The Edge Of Town
26%
Bob Marley & The WailersExodus
26%
YesFragile
26%
David BowieHunky Dory
26%
Derek & The DominosLayla And Other Assorted Love Songs
26%
QueenQueen II
26%
The PoliceRegatta de Blanc
26%
QueenSheer Heart Attack
26%
Billy JoelThe Stranger
26%
Lou ReedTransformer
26%
Neil YoungAfter The Goldrush
24%
HeartDreamboat Annie
24%
Janis JoplinPearl
24%
John LennonPlastic Ono Band
24%
Bad CompanyBad Company
21%
Allman Brothers BandEat A Peach
21%
The WhoLive at Leeds
21%
TelevisionMarquee Moon
21%
Van MorrisonMoondance
21%
The PoliceOutlandos D'Amour
21%
RamonesRocket To Russia
21%
Neil Young & Crazy HorseRust Never Sleeps
21%
Curtis MayfieldSuperfly
21%
Mike OldfieldTubular Bells
21%
Joy DivisionUnknown Pleasures
21%
Rush2112
18%
Billy Joel52nd Street
18%
SantanaAbraxas
18%
Grateful DeadAmerican Beauty
18%
Steely DanCan't Buy a Thrill
18%
YesClose To The Edge
18%
Tom Petty & The HeartbreakersDamn The Torpedoes
18%
Marvin GayeLet's Get It On
18%
Iggy & The StoogesRaw Power
18%
David BowieStation to Station
18%
Stevie WonderTalking Book
18%
Crosby, Stills, Nash & YoungDéjàVu
16%
Iggy & The StoogesFun House
16%
Elton JohnHonky Chateau
16%
Roxy MusicRoxy Music
16%
The B-52'sThe B-52's
16%
The EaglesThe Long Run
16%
Sly And The Family StoneThere's A Riot Goin' On
16%
Elton JohnCaptain Fantastic & The Brown Dirt Cowboy
13%
Bob Marley & The WailersCatch A Fire
13%
ChicagoChicago V
13%
FunkadelicMaggot Brain
13%
Elvis CostelloMy Aim Is True
13%
Bob Seger & the Silver Bullet BandNight Moves
13%
Steely DanPretzel Logic
13%
AerosmithRocks
13%
Jackson BrowneRunning On Empty
13%
GenesisSelling England By The Pound
13%
Cat StevensTea For The Tillerman
13%
Elvis Costello & The AttractionsThis Year's Model
13%
KraftwerkAutobahn
11%
Joni MitchellCourt and Spark
11%
Bob DylanDesire
11%
Talking HeadsFear of Music
11%
Deep PurpleIn Rock
11%
The Velvet UndergroundLoaded
11%
Black SabbathMasters Of Reality
11%
New York DollsNew York Dolls
11%
Nick DrakePink Moon
11%
James TaylorSweet Baby James
11%
Talking HeadsTalking Heads: 77
11%
GenesisThe Lamb Lies Down On Broadway
11%
Jethro TullThick As A Brick
11%
Neil YoungTonight's The Night
11%
Grateful DeadWorkingman's Dead
11%
Elvis Costello and the AttractionsArmed Forces
8%
Allman Brothers BandBrothers And Sisters
8%
Bob Marley and the WailersBurnin'
8%
KISSDestroyer
8%
Gang of FourEntertainment!
8%
Bob Marley & The WailersNatty Dread
8%
Bee GeesSaturday Night Fever Soundtrack
8%
CanTago Mago
8%
Bob Dylan and the BandThe Basement Tapes
8%
Bruce SpringsteenThe Wild, the Innocent and the E Street Shuffle
8%
Cheap TrickAt Budokan
5%
Jimi HendrixBand Of Gypsys
5%
Lou ReedBerlin
5%
Alice CooperBillion Dollar Babies
5%
The CarpentersClose To You
5%
Roxy MusicCountry Life
5%
Curtis MayfieldCurtis
5%
Steve Miller BandFly Like An Eagle
5%
Roxy MusicFor Your Pleasure
5%
Cheap TrickIn Color
5%
Jackson BrowneLate for the Sky
5%
Stevie WonderMusic of My Mind
5%
Paul SimonPaul Simon
5%
WirePink Flag
5%
Lynyrd SkynyrdPronounced Leh'-nerd Skin-'nerd
5%
DevoQ: Are We Not Men? A: We Are Devo!
5%
The WhoQuadrophrenia
5%
Judas PriestSad Wings of Destiny
5%
Eric ClaptonSlowhand
5%
SuicideSuicide
5%
Jackson BrowneThe Pretender
5%
Paul SimonThere Goes Rhymin' Simon
5%
KraftwerkTrans-Europe Express
5%
Elton JohnTumbleweed Connection
5%
The Isley Brothers3+3
3%
Eric Clapton461 Ocean Boulevard
3%
Brian EnoAnother Green World
3%
The O'JaysBack Stabbers
3%
Nick DrakeBryter Lyter
3%
Sly and the Family StoneFresh
3%
Linda RonstadtHeart Like A Wheel
3%
Brian EnoHere Come the Warm Jets
3%
Marvin GayeHere, My Dear
3%
Al GreenI'm Still In Love With You
3%
Richard and Linda ThompsonI Want to See the Bright Lights Tonight
3%
Mott the HoopleMott
3%
Earth, Wind & FireThat's The Way Of The World
3%
Randy Newman12 Songs
0%
Big Star#1 Record
0%
Al GreenAl Green Gets Next to You
0%
MC5Back In The USA
0%
Donna SummerBad Girls
0%
Barry WhiteCan't Get Enough
0%
Creedence Clearwater RevivalCosmos's Factory
0%
T-RexElectric Warriors
0%
Rod StewartEvery Picture Tells A Picture
0%
Peter FramptonFrampton Come Alive
0%
Stevie WonderFullingness First Finale
0%
Gram ParsonGrievous Angels
0%
The Allman Brothers BandLive at the Filmore East
0%
The MetersLook-Ka Py Py
0%
Public Image Ltd.Metal Box
0%
Modern LoversModern Lovers
0%
Talking HeadsMore Songs About Building and Food
0%
ParliamentMothership Connection
0%
LabelleNightbirds
0%
FunkadelicOne Nation Under The Groove
0%
Big StarRadio City
0%
ChicRisque
0%
Randy NewmanSail Away
0%
Todd RundgrenSomething/Anything
0%
The SpinnersSpinners
0%
WarThe World Is a Ghetto
0%
Aretha FranklinYoung, Gifted & Black
0%

Score Distribution

Percentile by Number Answered

Percent of People with Each Score

Your Score History

You have not taken this quiz